| 000 | 00527nam a2200193Ia 4500 | ||
|---|---|---|---|
| 005 | 20251020182549.0 | ||
| 008 | 200515s9999 xx 000 0 und d | ||
| 082 | _aN6.3/C1/648 | ||
| 100 | _aRIOFRIO DEL SOLAR, Rafael | ||
| 245 | 0 | _aFormulación y actualización de costos de la construcción (el cómo y el porqué) | |
| 260 | _aLima | ||
| 260 | _c1993 | ||
| 300 | _a342 | ||
| 520 | _aPresupuestos de construcción y análisis de costos | ||
| 650 | _aCOSTOS | ||
| 650 | _aLIB | ||
| 650 | _aPRESUPUESTOS | ||
| 942 | _cLIB | ||
| 999 |
_c2670 _d2670 |
||